000 00452nam a2200181Ia 4500
001 13330
005 20260306164753.0
008 260306t1996||||xx |||||||||||||| ||spa||
041 _aESP
082 _a001.42
_bS23
100 _aSánchez Carlessi, Hugo
_eAUT
245 0 _aMetodología y diseños en la investigación científica
260 _c1996
300 _a174 páginas :
_c
650 _aGEN
654 _aCHU
942 _cLIB
_dJUS
_fJUS
_2ddc
_n
999 _c13330
_d13330